[Event "Reykjavik op"]
[Site "Reykjavik"]
[Date "2018.03.10"]
[Round "9"]
[White "Mancini, Pietro"]
[Black "Magnusson, Thorsteinn"]
[Result "1-0"]
[WhiteElo "1020"]
[BlackElo "1435"]
[PlyCount "47"]
[EventDate "2018.03.06"]
[EventType "swiss"]
[EventRounds "9"]
[EventCountry "ISL"]
[SourceTitle "EXT 2019"]
[Source "ChessBase"]
[SourceDate "2018.10.10"]
[SourceVersion "1"]
[SourceVersionDate "2018.10.10"]
[SourceQuality "1"]

1. d4 d5 2. Nf3 c5 3. c3 Nc6 4. Bf4 cxd4 5. cxd4 Qb6 6. Qd2 Bf5 7. e3 Nb4 8. Na3 a6 9. Be2 Rc8 10. 0-0 Nc2 11. g4 Be4 12. Rfc1 Qxb2 13. Ne1 Qxa3 14. Nxc2 Qa4 15. Bd3 Qd7 16. Ne1 Qxg4+ 17. Bg3 Rxc1 18. Rxc1 Bxd3 19. Nxd3 Nf6 20. Qa5 Qd7 21. Ne5 Qd8 22. Qa4+ b5 23. Qxa6 e6 24. Rc8 1-0